Vista normal Vista MARC

Entrada Personal Name

Número de registros utilizados en: 1

001 - CONTROL NUMBER

  • control field: 3409

003 - CONTROL NUMBER IDENTIFIER

  • control field: OSt

005 - DATE AND TIME OF LATEST TRANSACTION

  • control field: 20210920175931.0

008 - FIXED-LENGTH DATA ELEMENTS

  • fixed length control field: 860211i| anannbabn |a ana

040 ## - CATALOGING SOURCE

  • Original cataloging agency: Co-BoUCM

100 ## - HEADING--PERSONAL NAME

  • Personal name: Wilde, Oscar,
  • Dates associated with a name: 1854-1900

400 ## - SEE FROM TRACING--PERSONAL NAME

  • Personal name: Wilde, Oscar Fingal O'Flahertie Wills,
  • Dates associated with a name: 1854-1900

670 ## - SOURCE DATA FOUND

  • Source citation: Escritor, poeta y dramaturgo irlandés. Wilde es considerado uno de los dramaturgos más destacados del Londres victoriano tardío; además, fue una celebridad de la época debido a su gran y aguzado ingenio. Hoy en día, es recordado por sus epigramas, obras de teatro y la tragedia de su encarcelamiento, seguida de su temprana muerte.